Carregando...
Visual basic developer`s guide to SQL server
| Autor principal: | |
|---|---|
| Formato: | Printed Book |
| Idioma: | Undetermined |
| Publicado em: |
New Delhi
BPB Publications
2000
|
| Assuntos: |
| LEADER | 00576nam a2200169Ia 4500 | ||
|---|---|---|---|
| 008 | 140316s9999 xx 000 0 und d | ||
| 020 | |a 8176562653 | ||
| 082 | |a 005.369 VB |b SIE/VI | ||
| 100 | |a Siebold,Dianne | ||
| 245 | |a Visual basic developer`s guide to SQL server | ||
| 260 | |a New Delhi |b BPB Publications |c 2000 | ||
| 300 | |a 455 | ||
| 650 | |a application architecture | ||
| 650 | |a MSDE | ||
| 942 | |2 ddc |c BK | ||
| 999 | |c 5608 |d 5608 | ||
| 952 | |0 0 |1 0 |2 ddc |4 0 |6 005_369000000000000_VB_SIEVI |7 0 |9 6630 |a KAUCLV |b KAUCLV |c GENERAL |d 2014-03-18 |o 005.369 VB SIE/VI |p 212581 |r 2014-03-18 |w 2014-03-18 |y BK | ||